| 000 | 00472nam a2200169Ia 4500 | ||
|---|---|---|---|
| 003 | GCL | ||
| 008 | 140319s9999 xx 000 0 eng d | ||
| 040 |
_aGCL / _cGCL |
||
| 082 | 0 | 4 |
_aCC _b932.017 _bF T |
| 100 | 1 | _aTHE FINE ARTS MUSEUMS | |
| 245 | 1 | 0 |
_aTHE TREASURES OF TUTANKHAMUN IN SAN FRANCESCO / _cTHE FINE ARTS MUSEUMS |
| 260 |
_a[S.N] : _bTHE FINE ARTS MUSEUMS ، _c1979 |
||
| 300 | _a32 P | ||
| 650 | 0 | 4 | _aTUTANCHAMON |
| 650 | 0 | 4 | _aANCIENT EGYPT |
| 942 |
_2ddc _cBK |
||
| 999 |
_c10820 _d10820 |
||